00450nam a2200181 a 4500001001300000003000900013005001700022008004100039020001100080082001800091245002300109260004000132300000900172500003500181505001300216650001400229710002500243nice12345678IN_TiNIC20260116011717.0050524s1967 luca grp 000 0 eng  ac12.500a346.5406bEAS aCompanies Act 1956 aLucknowbEastern Book Companyc1967 a445p aincludes index and biblioraphy2 aAppendix aLaw-India2 aEastern Book Company